<?xml version="1.0" encoding="UTF-8"?>
<record
    xmlns:xsi="http://www.w3.org/2001/XMLSchema-instance"
    xsi:schemaLocation="http://www.loc.gov/MARC21/slim http://www.loc.gov/standards/marcxml/schema/MARC21slim.xsd"
    xmlns="http://www.loc.gov/MARC21/slim">

  <leader>00645cam a22002171  4500</leader>
  <datafield tag="999" ind1=" " ind2=" ">
    <subfield code="c">6877</subfield>
    <subfield code="d">6877</subfield>
  </datafield>
  <datafield tag="020" ind1=" " ind2=" ">
    <subfield code="a">9789869515122</subfield>
  </datafield>
  <datafield tag="100" ind1="1" ind2=" ">
    <subfield code="a">&#x8B5A;&#x6566;&#x6148;</subfield>
  </datafield>
  <datafield tag="245" ind1="1" ind2="0">
    <subfield code="a">&#x8B5A;&#x6566;&#x6148;&#x7684;&#x7121;&#x6BD2;&#x597D;&#x751F;&#x6D3B; /</subfield>
    <subfield code="c">&#x8B5A;&#x6566;&#x6148;&#x8457;</subfield>
  </datafield>
  <datafield tag="250" ind1=" " ind2=" ">
    <subfield code="a">&#x7B2C;&#x4E00;&#x7248;</subfield>
  </datafield>
  <datafield tag="260" ind1=" " ind2=" ">
    <subfield code="a">&#x81FA;&#x5317;&#x5E02; :</subfield>
    <subfield code="b">&#x5929;&#x4E0B;&#x751F;&#x6D3B;&#x51FA;&#x7248; ;</subfield>
    <subfield code="a">[&#x65B0;&#x5317;&#x5E02;] :</subfield>
    <subfield code="b">&#x5927;&#x548C;&#x5716;&#x66F8;&#x7E3D;&#x7D93;&#x92B7;,</subfield>
    <subfield code="c">2017.</subfield>
  </datafield>
  <datafield tag="300" ind1=" " ind2=" ">
    <subfield code="a">189 &#x9762; :</subfield>
    <subfield code="b">&#x5F69;&#x5716;, &#x8868; ;</subfield>
    <subfield code="c">22 &#x516C;&#x5206;</subfield>
  </datafield>
  <datafield tag="490" ind1="1" ind2=" ">
    <subfield code="a">&#x512A;&#x751F;&#x6D3B; ;</subfield>
    <subfield code="v">9.</subfield>
  </datafield>
  <datafield tag="942" ind1=" " ind2=" ">
    <subfield code="2">ccl</subfield>
    <subfield code="c">BOOK</subfield>
  </datafield>
  <datafield tag="952" ind1=" " ind2=" ">
    <subfield code="0">0</subfield>
    <subfield code="1">0</subfield>
    <subfield code="2">ccl</subfield>
    <subfield code="4">0</subfield>
    <subfield code="7">0</subfield>
    <subfield code="a">yeezen</subfield>
    <subfield code="b">yeezen</subfield>
    <subfield code="c">YEEZEN</subfield>
    <subfield code="d">2018-09-12</subfield>
    <subfield code="l">8</subfield>
    <subfield code="m">3</subfield>
    <subfield code="o">411.1</subfield>
    <subfield code="p">C02457</subfield>
    <subfield code="r">2022-08-17 00:00:00</subfield>
    <subfield code="s">2022-08-11</subfield>
    <subfield code="w">2018-09-12</subfield>
    <subfield code="y">BOOK</subfield>
    <subfield code="z">&#x672C;&#x66F8;&#x4E00;&#x6B21;&#x5927;&#x516C;&#x958B;&#xFF0C;&#x5E36;&#x4F60;&#x8DDF;&#x8457;&#x8B5A;&#x6566;&#x6148;&#x904E;&#x7121;&#x6BD2;&#x751F;&#x6D3B;&#xFF1A;&#x5F9E;&#x65E9;&#x4E0A;&#x8D77;&#x5E8A;&#x5237;&#x7259;&#x8A72;&#x7528;&#x591A;&#x5C11;&#x7259;&#x818F;&#x91CF;&#x3001;&#x5B89;&#x5FC3;&#x65E9;&#x9910;&#x600E;&#x9EBC;&#x6E96;&#x5099;&#xFF0C;&#x5916;&#x98DF;&#x600E;&#x9EBC;&#x5403;&#xFF0C;&#x96DE;&#x86CB;&#x600E;&#x9EBC;&#x6311;&#x3001;&#x600E;&#x9EBC;&#x716E;&#x3001;&#x600E;&#x9EBC;&#x4FDD;&#x5B58;&#xFF0C;&#x4FDD;&#x9BAE;&#x819C;&#x8981;&#x600E;&#x9EBC;&#x7528;&#xFF0C;&#x6253;&#x6383;&#x5982;&#x4F55;&#x7701;&#x6642;&#x7701;&#x529B;&#x53C8;&#x6709;&#x6548;&#xFF0C;&#x982D;&#x9AEE;&#x600E;&#x9EBC;&#x67D3;&#x624D;&#x5B89;&#x5FC3;&#x2026;&#x2026;</subfield>
  </datafield>
</record>
